Movie Title Missing Person Quiz Stats

 Plays Quiz Updated Dec 6, 2018

Support Sporcle.
Go Orange.
Score 0/100 Timer 09:00
2 Plays Today
% Correct
Robin
93.6%
Forrest
93.4%
Romeo
93.3%
Mary
93.3%
Edward
93%
Robin
92.9%
Ryan
92.9%
Clyde
92.6%
Indiana
92.5%
Roger
92%
Benjamin
92%
Sally
91.7%
Will
91.6%
Louise
90.2%
Ferris
90%
Nemo
89.6%
Bridget
89%
Marie
88.9%
Daisy
87.7%
George
87.2%
Malcolm
86.4%
Ben
86.2%
Lawrence
86.2%
Oliver
85.5%
John
85.2%
Sarah
84.6%
Wanda
83.5%
Gordon
82.1%
Luke
81.4%
Donnie
81%
Shaun
80.6%
Truman
79.3%
Vinny
78.9%
Alice
78.7%
% Correct
Sophie
77.6%
Anna
76.4%
Henry
76.2%
Dorian
75.8%
Rosemary
75.4%
Summer
73.5%
Donnie
73.1%
Scott
72.9%
Bill
72.3%
Pee-Wee
71.8%
Jacob
71.5%
Annie
70.7%
Harry
66.6%
Adam
66.4%
Arthur
65.8%
Smith
65.7%
Eve
65.6%
Sam
64%
Ed
61.7%
Angela
61.1%
Carlito
60.8%
Bess
59.5%
Clementine
59.5%
Alice
58.6%
Josey
58%
Jane
55.9%
Bobby
55.7%
Victor
55.4%
Hannah
55.3%
Brian
52.8%
Harold
51.7%
Michael
50.8%
Elliot
48.3%
Barton
44.7%
% Correct
Lola
44%
Lars
43.9%
Carter
40.3%
Jean
38.4%
Emile
38.1%
Mildred
37.3%
Harry
36.4%
Harry
36.1%
Hedwig
34.7%
Mame
33.8%
Barry
31.5%
Kelly
31.2%
Charlotte
29.6%
Billy
29.2%
Irma
28.8%
Lincoln
28.6%
Bill
28.3%
David
27.6%
Andre
27.3%
Anne
27%
Sullivan
26.6%
Danny
24.2%
Destry
24.2%
Godfrey
23.1%
Billy
22.2%
Vera
17.9%
Jordan
12.7%
Barney
11.2%
Soraya
10.8%
Jennie
7.4%
Umberto
7.3%
Tillie
6.3%

From the Vault

Star Wars Teddy Bears

by PrincessMartell

Movies 2m
I've got a bear-d feeling about this.
Remove Ads.
Support Sporcle.
Get the best of Sporcle when you Go Orange. This ad-free experience offers more features, more stats, and more fun while also helping to support Sporcle. Thank you for becoming a member.

Show Comments

Extras

Top Quizzes Today


Score Distribution

Your Account Isn't Verified!

In order to create a playlist on Sporcle, you need to verify the email address you used during registration. Go to your Sporcle Settings to finish the process.

Report this User

Report this user for behavior that violates our Community Guidelines.

Details: